Normal view
MARC view
Entry Personal Name
001 - CONTROL NUMBER
- control field: 101032
003 - CONTROL NUMBER IDENTIFIER
- control field:
005 - DATE AND TIME OF LATEST TRANSACTION
- control field: 20210601183753.0
008 - FIXED-LENGTH DATA ELEMENTS
- fixed length control field: 210601|| aca||aabn | a|a d
040 ## - CATALOGING SOURCE
- Original cataloging agency:
- Transcribing agency:
100 ## - HEADING--PERSONAL NAME
- Personal name: Schlegel, Friedrich Van
- Dates associated with a name: 1772-1829
670 ## - SOURCE DATA FOUND
- Source citation: Work cat.: (): Schlegel, Friedrich Van 1772-1829, Dialogue on poetry and literary aphorisms/, c1968
